[Event "African Online-ch Open 2021"]
[Site "Online"]
[Date "2021.02.01"]
[Round "8.20"]
[White "Kamara, Ansumana"]
[Black "Njoroge Martin"]
[Result "1/2-1/2"]
[WhiteElo "1899"]
[BlackElo "1965"]
[Annotator "TA"]
[PlyCount "132"]
[EventDate "2021.02.01"]
[EventType "swiss"]
[EventCountry "NET"]
[SourceTitle "playchess.com"]
[Source "ChessBase"]
[SourceQuality "1"]

{[%evp 13,132,0,1,-7,-3,-16,5,-2,94,81,133,73,78,66,96,26,71,0,63,25,114,109,105,7,0,0,0,0,0,-12,0,-67,618,608,489,237,116,0,603,-914,0,0,376,376,376,372,367,364,364,362,341,339,317,314,391,391,384,384,377,351,310,12,12,12,12,12,12,12,12,12,12,5,5,0,0,0,5,5,5,5,5,5,5,5,5,5,5,5,5,5,5,5,5,5,5,5,5,0,5,5,5,5,5,5,5,0,5,0,0,0,5,5,5,5,5,5,5,0,5,0,0]} 1. e4 c5 2. Nf3 e6 3. d4 cxd4 4. Nxd4 a6 5. Nc3 Qc7 6. Be3 Nf6 7. a3 b5 8. f3 {B43: Sicilian: Kan Variation: 5 Nc3.} Bb7 9. Qd2 {9.Qd2 scores better than 9.Be2.} Be7 10. g4 d6 (10... Nc6 $11) 11. O-O-O $16 Nbd7 (11... Nfd7 $142) 12. h4 ({White should play} 12. g5) 12... Nb6 13. h5 {[#]} Nfd7 $146 ({Predecessor:} 13... Nc4 14. Bxc4 Qxc4 15. Nb3 Qc7 16. g5 Nd7 17. g6 O-O-O 18. Rhg1 Ne5 19. gxf7 Nc4 {0-1 (52) Pushkarenko,V (1757)-Petrosyan,A Dagomys 2009}) 14. Kb1 (14. Ncxb5 $16 axb5 15. Nxb5) 14... Rc8 15. g5 (15. Ndxb5 $16 axb5 16. Nxb5) 15... d5 (15... Ne5 $1 $11) 16. Bd3 b4 (16... Ne5 $11 {remains equal.}) 17. axb4 Bxb4 {[#]} 18. g6 (18. Ncb5 $1 $16 {[%cal Rb5c7][%mdl 512]} Bxd2 19. Nxc7+ {[%mdl 64] Discovered Attack} Rxc7 20. Bxd2) 18... Bxc3 $11 19. gxf7+ (19. Qxc3 {is more complex.} Qxc3 20. bxc3 Na4 21. gxf7+ Kxf7 22. Ne2) 19... Kxf7 20. bxc3 Na4 21. c4 {exd5 is the strong threat.} dxc4 22. Nxe6 Kxe6 $4 {[%mdl 8192] [#]} (22... Qe5 23. Bd4 $19) (22... Qb8 $15 23. Ba7 Qe5) 23. Bxc4+ $1 $18 {[%mdl 512]} Ke7 {[#] White should prevent ...Rhd8.} 24. Qb4+ ({Less strong is} 24. h6 g6 $14) (24. Rhg1 $142 $1 g6 (24... Ke8 25. Rxg7) 25. hxg6) 24... Ndc5 {Strongly threatening ...Rb8.} 25. Bb3 (25. h6 $16 g6 26. Bb3) 25... Rb8 $2 {[%mdl 8192]} 26. Bxa4 $4 {[%mdl 8192] [#]} (26. Qc4 $18 Nc3+ 27. Qxc3) 26... Bxe4 $1 {[%mdl 512]} 27. Rd7+ $1 $11 {[%mdl 64] Overworked Piece} Qxd7 $4 {[%mdl 8192]} (27... Ke6 $11 28. Bxc5 Rxb4+ 29. Bxb4 {[#]} Bxc2+ $1 {[%mdl 576] Double Attack} 30. Ka1 Qe5+ 31. Ka2 Re8 $1) 28. Bxc5+ $18 Kf6 {( -> ...Qxa4)} 29. Bxd7 {White wants to mate with Bb6.} Rxb4+ 30. Bxb4 Rb8 31. fxe4 Rxb4+ {[%mdl 4096] Endgame KRB-KR} 32. Kc1 Rxe4 33. Rf1+ Ke7 34. Bf5 Re5 35. Bxh7 Rxh5 36. Bg6 Rg5 37. Rf7+ $2 (37. Bf5 $18) 37... Ke6 $1 $11 {The position is equal.} 38. Rxg7 {Threatens to win with Bf7+.} Kf6 39. Ra7 Kxg6 40. Rxa6+ {KR-KR} Kf7 41. Kb2 Ke7 42. c4 Rg3 43. Ra3 Rg2+ 44. Kb3 Kd6 45. Ra6+ Kc5 46. Ra5+ Kc6 47. Kc3 Rg1 48. Rh5 Rc1+ 49. Kb3 Rb1+ 50. Kc2 $1 {[%cal Rc2b1]} Rg1 51. Rd5 Rg3 52. Rd3 (52. Rb5 {is interesting.} Rg2+ 53. Kb3 Rg3+ 54. Kb4 Rg2 55. Rc5+) 52... Rg4 (52... Rg1 {seems wilder.} 53. Kc3 Rh1 54. Re3 Rc1+ 55. Kd3 Rd1+) 53. Kc3 Rg1 54. Kb3 Rb1+ 55. Kc3 Rh1 56. Kb4 Rb1+ 57. Rb3 Rh1 (57... Rc1 {with more complications.} 58. Ra3 Rb1+ 59. Kc3 Rc1+ 60. Kd4 Rd1+) 58. Rb2 Rg1 59. Rb3 Rf1 60. Rd3 Rb1+ 61. Kc3 Rc1+ 62. Kd4 Rh1 63. Rd2 Rh4+ 64. Kc3 Rh3+ 65. Rd3 Rh1 66. Kb4 Rb1+ {White used his chance.  Weighted Error Value: White=0.49/Black=0.53} 1/2-1/2

[Event "African Online-ch Open 2021"]
[Site "Online"]
[Date "2021.02.01"]
[Round "8.23"]
[White "Monaheng Motlomelo"]
[Black "Ebersohn, Raymond Gerhard"]
[Result "0-1"]
[WhiteElo "1538"]
[BlackElo "1726"]
[Annotator "NA RC"]
[PlyCount "56"]
[EventDate "2021.02.01"]
[EventType "swiss"]
[EventCountry "NET"]
[SourceTitle "playchess.com"]
[Source "ChessBase"]
[SourceQuality "1"]
[TimeControl "1500+10"]

1. e4 {[%emt 0:00:00]} c5 {[%emt 0:00:05]} 2. Nf3 {[%emt 0:00:12]} g6 {[%emt 0:00:05]} 3. Bc4 {[%emt 0:00:06]} Bg7 {[%emt 0:00:25]} 4. O-O {[%emt 0:00:04]} e6 {[%emt 0:00:03]} 5. Nc3 {[%emt 0:00:15]} Ne7 {[%emt 0:00:12]} 6. a3 {[%emt 0:00:10]} O-O {[%emt 0:00:09]} 7. d3 {[%emt 0:00:11]} Nbc6 {[%emt 0:00:16]} 8. Rb1 {[%emt 0:00:06]} a6 {[%emt 0:00:35]} 9. Be3 {[%emt 0:00:27]} d5 {[%emt 0:00:07]} 10. exd5 {[%emt 0:00:22]} exd5 {[%emt 0:00:03]} 11. Nxd5 {[%emt 0:00:27]} Nxd5 {[%emt 0:00:05]} 12. Bxc5 {[%emt 0:00:05]} Re8 {[%emt 0:00:13]} 13. h3 {[%emt 0:00:14]} Be6 {[%emt 0:00:55]} 14. Re1 {[%emt 0:00:22]} Rc8 {[%emt 0:00:17]} 15. Bxd5 {[%emt 0:02:36]} Qxd5 {[%emt 0:00:23]} 16. Be3 {[%emt 0:00:08]} b5 {[%emt 0:00:21]} 17. b3 {[%emt 0:00:19]} Nd4 {[%emt 0:00:34]} 18. Nxd4 {[%emt 0:00:18]} Bxd4 {[%emt 0:00:04]} 19. c4 {[%emt 0:00:04]} Qd6 {[%emt 0:00:27]} 20. Qc1 {[%emt 0:04:39]} Bf5 {[%emt 0:00:10]} 21. g4 {[%emt 0:01:25]} Bxd3 {[%emt 0:00:27]} 22. Qd2 {[%emt 0:00:36]} Bxb1 {[%emt 0:00:15]} 23. Rxb1 {[%emt 0:00:11]} Rcd8 {[%emt 0:00:11]} 24. Rd1 {[%emt 0:00:06]} Rxe3 {[%emt 0:00:04]} 25. fxe3 {[%emt 0:00:18]} Bxe3+ {[%emt 0:00:02]} 26. Qxe3 {[%emt 0:00:03]} Qxd1+ {[%emt 0:00:02]} 27. Kg2 {[%emt 0:00:03]} Rd2+ {[%emt 0:00:03]} 28. Kg3 {[%emt 0:00:08]} Rd3 {[%emt 0:00:01]} 0-1

[Event "African Online-ch Open 2021"]
[Site "Online"]
[Date "2021.02.01"]
[Round "9.1"]
[White "Adly, Ahmed"]
[Black "Bellahcene, Bilel"]
[Result "1/2-1/2"]
[WhiteElo "2615"]
[BlackElo "2510"]
[Annotator "TA"]
[PlyCount "68"]
[EventDate "2021.02.01"]
[EventType "swiss"]
[EventCountry "NET"]
[SourceTitle "playchess.com"]
[Source "ChessBase"]
[SourceQuality "1"]

{[%evp 14,68,24,25,13,0,-17,-10,0,0,2,-63,-43,-108,-103,-104,-113,-88,-19,-35,0,-20,0,-41,0,0,0,-85,-55,-100,-49,-56,-30,-57,-72,-63,-39,-54,-37,-39,-24,-27,-25,-27,-26,-20,-22,-49,-25,-22,0,0,0,0,0,0,15]} 1. d4 {Dolmatov,S} Nf6 2. Nf3 e6 3. g3 b6 4. Bg2 Bb7 5. O-O c5 6. c4 cxd4 7. Qxd4 Nc6 $1 {7...Nc6 is better than 7...d6.} 8. Qf4 Ne7 {A30: Symmetrical English: Double Fianchetto and Hedgehog.} 9. Ne5 Bxg2 10. Kxg2 Ng6 11. Nxg6 hxg6 {[#]} 12. Rd1 $146 (12. e4 $11) ({Predecessor:} 12. Nc3 Rc8 13. b3 d5 14. Rd1 Bb4 15. Bb2 Qe7 16. Rac1 e5 17. Qf3 Bxc3 18. Qxc3 {0-1 (41) Rashkovsky,N (2470)-Kharitonov,A Sverdlovsk 1984 MCL [Dolmatov,S]}) 12... Rc8 (12... g5 $5 13. Qxg5 Rc8 $11) 13. Be3 (13. h3 $15) 13... g5 $1 $17 {[%cal Rg5f4]} 14. Qxg5 Rxc4 15. Qb5 Qa8+ (15... Rb4 $17 16. Qd3 Ng4) 16. f3 $11 Qc8 17. Nd2 Rc2 18. Qd3 Rh5 ({Much worse is} 18... Rxb2 $6 19. Nc4 $16) 19. Bd4 Rc6 20. g4 {[#]} (20. Nb3 $11 {remains equal.}) 20... Nd5 $1 $17 {[%cal Rd5f4]} 21. e3 {[#]} (21. Qe4 Rh8) 21... Rh8 (21... Nb4 $1 $17 22. Qe2 Ra5) 22. Nf1 Nb4 23. Qe2 Nc2 24. Rab1 Nxd4 25. Rxd4 Bc5 26. Rc4 Bd6 27. Rbc1 Rxc4 28. Qxc4 Qxc4 29. Rxc4 $11 {[%mdl 4096] Endgame aiming for Rc8+. KRB-KRN} Ke7 30. b3 b5 31. Rc2 g6 {The position is equal.} 32. h3 a5 33. Nd2 Ra8 34. Ne4 a4 {Weighted Error Value: White=0.18/Black=0.14} 1/2-1/2

[Event "African Online-ch Open 2021"]
[Site "Online"]
[Date "2021.02.01"]
[Round "9.2"]
[White "Zaibi, Amir"]
[Black "Amin, Bassem"]
[Result "1/2-1/2"]
[WhiteElo "2381"]
[BlackElo "2693"]
[Annotator "TA"]
[PlyCount "64"]
[EventDate "2021.02.01"]
[EventType "swiss"]
[EventCountry "NET"]
[SourceTitle "playchess.com"]
[Source "ChessBase"]
[SourceQuality "1"]

{[%evp 9,64,-12,-7,-52,-63,-50,26,36,36,22,50,41,56,-52,-61,-68,-53,-69,-56,-122,-112,-114,-66,-93,-95,-111,-28,-21,-29,-29,-28,-24,-20,-25,-34,-27,-36,-29,-39,-108,-74,-70,-84,-77,-25,-118,-95,-81,0,-88,0,0,11,10,32,8,68]} 1. Nf3 f5 2. e4 fxe4 3. Ng5 d5 4. d3 Qd6 5. dxe4 h6 6. Nh3 {A04: Unusual lines after 1 Nf3 and King's Indian Attack.} dxe4 7. Nf4 Bf5 {[#]} (7... Nf6 $15) 8. Qd5 $146 {White has an edge.} ({Predecessor:} 8. Nc3 Nf6 9. Be3 e5 10. Nfd5 Nxd5 11. Qxd5 Qxd5 12. Nxd5 Bd6 13. O-O-O Nd7 14. h3 {0-1 (44) Vaganian,R (2625)-Georgiev,K (2595) Saint John 1988}) 8... Qxd5 9. Nxd5 Kd7 10. Bf4 {[%mdl 1024] White has compensation.} Nc6 11. Bb5 ({Reject} 11. Nxc7 e5 $15) ({Avoid the trap} 11. Bxc7 $2 e6 $19) ({White should play} 11. Nbc3 $14) 11... e6 $15 12. Ne3 ({Of course not} 12. Nxc7 Rc8 $17) 12... Bd6 $36 {[%mdl 2048] Black has some pressure.} 13. Bg3 a6 14. Ba4 (14. Bxc6+ $15 Kxc6 15. Nd2) 14... b5 $17 15. Bb3 Nd4 16. Nc3 Nf6 17. O-O-O c5 (17... Nxb3+ $17 18. axb3 Bg6) 18. Bxd6 $1 $11 Kxd6 19. Ne2 Ke5 20. f4+ $1 exf3 21. Nxd4 cxd4 22. Nxf5 Kxf5 23. Rhf1 $1 e5 24. Bf7 (24. c3 $15) 24... e4 $17 {Strongly threatening ...Rhf8.} 25. gxf3 e3 {[#] Threatens to win with ...e2.} 26. Rxd4 Rad8 (26... Rhd8 $17 27. Rfd1 Rxd4 28. Rxd4 a5) 27. Rb4 (27. Rfd1 $1 $11 e2 28. Rxd8 Rxd8 29. Re1) 27... Rd7 (27... Rd2 {is more complex.} 28. Re1 Rhd8 29. c3 a5 30. Rxb5+ Kf4) 28. Bb3 Re8 (28... Rd2 $17 29. c3 Rf2) 29. a4 {[#]} (29. c3 $11 {keeps the balance.}) 29... Re5 ({Black should try} 29... Nd5 $1 $17 30. Bxd5 Rxd5) 30. axb5 Rxb5 31. Ra4 a5 32. Re1 Re5 {Weighted Error Value: White=0.26/Black=0.29} (32... Rd2 $11) 1/2-1/2

[Event "African Online-ch Open 2021"]
[Site "Online"]
[Date "2021.02.01"]
[Round "9.3"]
[White "Rakotomaharo, Fy Antenaina"]
[Black "Beukes, Dante M"]
[Result "1-0"]
[WhiteElo "2422"]
[BlackElo "2206"]
[Annotator "TA"]
[PlyCount "85"]
[EventDate "2021.02.01"]
[EventType "swiss"]
[EventCountry "NET"]
[SourceTitle "playchess.com"]
[Source "ChessBase"]
[SourceQuality "1"]

{[%evp 9,85,0,3,0,27,0,0,0,14,0,54,40,44,42,112,109,121,89,100,73,82,90,86,83,98,7,0,0,0,8,47,47,48,0,0,0,49,31,46,15,5,0,42,38,34,29,31,30,50,36,61,0,0,0,414,406,851,848,820,626,959,975,973,892,858,855,842,760,1269,1132,29989,29985,29985,29986,29991,29992,29994,29990]} 1. d4 Nf6 2. Bf4 d6 3. Nc3 Nbd7 4. Nf3 c5 5. e3 g6 6. h3 {A45: Trompowsky Attack.} Bg7 7. Be2 O-O 8. O-O {The position is equal.} a6 9. a4 b6 ({Black should try} 9... cxd4 $11 10. exd4 b6) 10. d5 $1 $14 Bb7 11. e4 {[#]} b5 $146 (11... Ne8 $14) ({Predecessor:} 11... Qc7 12. Re1 Rad8 13. Bh2 Rfe8 14. Bc4 Ne5 15. Nxe5 dxe5 16. Qe2 Ra8 17. Rad1 Red8 18. Kh1 Bh6 19. Qf3 Bg7 20. Qe3 Ne8 21. Bf1 Nd6 22. f4 exf4 23. Qxf4 Rf8 24. Be2 Rad8 {½-½ (24) Pirs,M (2523)-Staroske,U (2526) ICCF email 2017}) 12. axb5 $16 Qb6 13. Nd2 axb5 14. Bxb5 Rxa1 15. Qxa1 Ra8 16. Qd1 Qa5 17. Be2 (17. Qe2 $16) 17... Qb4 $11 18. Nc4 Ba6 19. Qa1 Bb7 20. Qb1 Nb6 21. Na2 Qb5 22. Nc3 Qb4 23. Nxb6 Qxb6 24. Re1 Qb4 25. Bd3 Nd7 26. Bg5 $36 {[%mdl 2048] White is more active.} h6 27. Bxe7 c4 28. Bf1 g5 $1 29. e5 $1 Bxe5 30. Rxe5 Nxe5 31. Ne4 f5 $2 {[%mdl 8192]} (31... Nd7 $11 {and Black has nothing to worry.}) 32. Bxd6 $18 {[%mdl 64] [#] Double Attack} Qb5 (32... Qa5 $142 33. Nf6+ (33. Bxe5 fxe4 34. Bxc4 Qa1 $16) 33... Kf7) 33. Nf6+ ({Weaker is} 33. Bxe5 fxe4 34. b3 Bxd5 $16) 33... Kf7 34. Bxe5 Bxd5 35. Qd1 Be6 36. Bc3 Ke7 37. b3 Rd8 38. Qa1 Qc6 39. Qa7+ Kd6 40. Qd4+ {White mates.} Ke7 41. Bb4+ Kf7 42. Qxd8 cxb3 43. cxb3 {Weighted Error Value: White=0.22/Black=0.58} 1-0

[Event "African Online-ch Open 2021"]
[Site "Online"]
[Date "2021.02.01"]
[Round "9.4"]
[White "Silva, David"]
[Black "Bouzidi, Ahmed"]
[Result "1/2-1/2"]
[WhiteElo "2258"]
[BlackElo "2163"]
[Annotator "TA"]
[PlyCount "149"]
[EventDate "2021.02.01"]
[EventType "swiss"]
[EventCountry "NET"]
[SourceTitle "playchess.com"]
[Source "ChessBase"]
[SourceQuality "1"]

{[%evp 14,149,28,25,39,34,34,18,35,43,35,0,16,12,4,14,11,14,16,9,12,0,0,-24,-23,-34,-22,-101,-20,-417,-429,-426,-410,-540,-505,-475,14,10,68,48,110,116,162,160,161,148,112,-47,-52,-48,-44,-85,-90,-103,-71,-120,-116,-123,-123,-123,-123,-123,-118,-126,-120,-108,-112,-114,-109,-130,-101,-125,-112,-116,-95,-116,-76,-206,-208,-224,-84,-84,-68,-74,-34,-28,-38,-41,0,0,0,0,0,0,0,0,0,0,0,0,0,0,0,0,0,0,0,0,0,0,0,0,0,0,0,0,0,0,0,0,0,0,0,0,0,0,0,0,0,0,0,0,0,0,0,0,0,0]} 1. e4 e5 2. Nf3 Nc6 3. Bc4 Bc5 4. c3 Nf6 5. d3 d6 6. b4 Bb6 7. a4 a6 8. O-O Be6 {8...h6 is the modern continuation. C54: Giuoco Piano: 4 c3 Nf6, main lines with 5 d4 and 5 d3.} 9. Nbd2 O-O 10. Qb3 d5 11. exd5 Bxd5 {[#]} 12. Bb2 $146 ({Predecessor:} 12. Re1 Re8 13. Ne4 Bxc4 14. Qxc4 Nxe4 15. Rxe4 Qd7 16. Be3 Bxe3 17. Rxe3 b5 18. Qa2 {½-½ (46) Kurmann,O (2437)-Ozturk,K (2250) Graz 2015}) 12... Bxc4 13. Nxc4 {Threatening a5.} Qxd3 14. Ncxe5 Nxe5 15. Nxe5 Qf5 16. c4 c6 17. Rae1 Rad8 18. Nf3 Rd3 19. Qa2 Ng4 {White must now prevent ...Rxf3.} 20. Bc1 (20. h3 $1 $11 {keeps the balance.} Nxf2 21. Rxf2 Rxf3 22. gxf3 Qg5+ 23. Kf1 Bxf2 24. Kxf2 Qh4+ {[%mdl 64] Double Attack} 25. Kf1 Qxh3+ {[%mdl 64] Double Attack} 26. Kg1) 20... Bc7 (20... Rxf3 $17 21. gxf3 Ne5 22. Rxe5 Qxe5) 21. h3 $2 {[%mdl 8192]} (21. Qe2 $1 $11) 21... Rxf3 $19 22. hxg4 (22. gxf3 Qxf3 23. Re5 Bxe5 24. Re1 Qxh3 25. Rxe5 Nxe5 26. f4 Nf3+ 27. Kf2 Qh2+ 28. Kxf3 Qxa2 29. f5 Re8 30. Kg3 Qxc4 31. Bg5 Qd3+ 32. Be3 Rxe3+ 33. Kg4 Re4+ 34. Kh5 Qh3+ 35. Kg5 h6#) 22... Qxg4 23. Qe2 {[#]} Qh4 $1 {[%csl Gc7][%cal Rh4h2][%mdl 512]} 24. g3 Qf6 (24... Bxg3 $1 $19 {[%csl Gg3][%cal Rh4h2]} 25. Kg2 Bd6) 25. Qe7 $11 Bd6 (25... Bb8 $11) 26. Qxf6 $1 $14 Rxf6 ({Black should play} 26... gxf6 $14 27. c5 Be5) 27. c5 $16 Bc7 28. Re7 {[%mdl 1024] White has strong compensation.} Rc8 {[#]} 29. Rd1 $1 Kf8 30. Red7 (30. Rdd7 $16 Bd8 31. Re2) 30... Re6 $15 31. Bb2 f6 32. Kf1 Re7 33. R7d3 Kf7 34. Rb3 Rd8 35. Rxd8 Bxd8 $17 {[%mdl 4096] Endgame KRB-KRB} 36. Bd4 Rd7 37. Be3 h5 38. Kg2 g5 39. b5 axb5 40. axb5 Ke6 41. Kf3 f5 42. Rb4 Be7 43. bxc6 bxc6 44. Rb6 Kd5 45. Ra6 {[#]} (45. Rb8 $17 {was necessary.}) 45... Rb7 $1 $19 ({Not} 45... Bxc5 $2 46. Ra5 $18) 46. Ra8 h4 (46... g4+ $19 {has better winning chances.} 47. Kg2 Bxc5 48. Rd8+ Kc4 49. Bxc5 Kxc5) 47. gxh4 $17 gxh4 48. Rh8 $1 Rb4 49. Rh5 $1 Ke5 50. Rh6 Rc4 51. Rxc6 {The position is equal.} f4 52. Bd2 Bxc5 53. Rh6 Be7 54. Rh5+ Ke6 55. Bxf4 Rc3+ 56. Be3 Bf6 57. Rh6 Kf5 58. Kg2 {Strongly threatening Rxf6+!} Rc4 59. Kh3 Rb4 60. Rh5+ Kg6 61. Ra5 Re4 62. Ra6 Kf5 63. Ra3 Rb4 64. Ra5+ Kg6 65. Ra6 Kf5 66. Ra5+ Kg6 67. Rd5 Ra4 68. Rd6 Kf5 69. Rc6 Rb4 70. Bd2 Ra4 71. Rc5+ Kg6 72. Rc6 Kf5 73. Bc1 Rb4 74. Be3 Ra4 75. Rc5+ {Weighted Error Value: White=0.27/Black=0.23} 1/2-1/2

[Event "African Online-ch Open 2021"]
[Site "Online"]
[Date "2021.02.01"]
[Round "9.5"]
[White "Meftahi, Houssem"]
[Black "Paiva, Donaldo"]
[Result "0-1"]
[WhiteElo "2110"]
[BlackElo "2230"]
[Annotator "TA"]
[PlyCount "106"]
[EventDate "2021.02.01"]
[EventType "swiss"]
[EventCountry "NET"]
[SourceTitle "playchess.com"]
[Source "ChessBase"]
[SourceQuality "1"]

{[%evp 12,106,36,27,41,18,31,0,0,0,0,0,10,0,56,27,57,19,47,50,39,40,62,37,46,21,26,25,41,29,24,0,0,0,0,-3,56,19,27,0,52,14,21,13,35,12,41,10,10,10,25,12,20,0,5,-15,0,-15,-15,-29,-31,-47,0,0,0,0,0,-31,21,0,0,0,0,0,0,0,0,-29,-15,-1082,-1052,-1041,-968,-1006,-1001,-29988,-29989,-29989,-29990,-29991,-29992,-29992,-29993,-29993,-29994,-29996,-29997]} 1. e4 c6 2. d4 d5 3. e5 Bf5 4. Nf3 e6 5. Be2 Nd7 6. O-O h6 {6...Bg6 is the modern continuation.} 7. Nbd2 Ne7 {B12: Caro-Kann: Advance Variation.} 8. Nb3 Bh7 9. Ne1 c5 {The position is equal.} 10. Nxc5 Nxc5 11. dxc5 Nc6 12. Nd3 {[#]} Be7 $146 (12... Bxd3 $11 13. Qxd3 Bxc5) ({Predecessor:} 12... Bxd3 13. Qxd3 Bxc5 14. Qg3 {½-½ (14) Nikolov,M (2577)-Spasov,V (2493) Kozloduy 2019}) 13. f4 O-O 14. a3 Bxd3 15. Bxd3 Bxc5+ 16. Kh1 f5 17. Qe1 a5 18. Be3 Qb6 19. Bxc5 Qxc5 20. g4 Ne7 21. h3 Rf7 22. Qg3 Raf8 23. Rg1 Kh8 (23... fxg4 $11 24. Qxg4 Nf5) 24. Raf1 Rg8 25. Qh4 g6 (25... Qd4 $11) 26. Rg2 ({Wrong is} 26. Qxh6+ $2 Rh7 $19) 26... Kh7 27. Rfg1 (27. Qe1 {is more complex.} d4 28. Qf2 b6 29. c4 dxc3 30. Qxc5 bxc5 31. Bc4) 27... Rgg7 (27... d4 {looks sharper.} 28. Kh2 b5 29. gxf5 Nxf5 30. Qe1 Qf8) 28. Qf2 Qc7 29. b4 axb4 30. axb4 Qc3 31. b5 Qb4 32. g5 h5 33. Rf1 Nc8 34. Qd2 Qc5 35. Rb1 Nb6 36. Qf2 Rc7 (36... d4 {is interesting.} 37. Rgg1 Rf8 38. Ra1 Rc8 39. Rgb1 Nd5) 37. Qxc5 Rxc5 38. Ra1 Nc4 39. Ra8 Rxb5 (39... Rg8 $15 40. Ra7 Rb8) 40. Bxc4 (40. Re8 {seems wilder.} Rc7 41. Rxe6 Rb1+ 42. Rg1 Rb4 43. Re8) 40... dxc4 $15 {[%mdl 4096] Endgame KRR-KRR} 41. Rd2 Rg8 42. Rd7+ Kh8 $1 43. Ra4 Rc8 44. Rd6 Rb2 45. Rxe6 $2 {[%mdl 8192] [#] Now White is beyond hope.} (45. c3 $11) 45... Rxc2 $19 46. Ra1 Rb2 47. Rc1 c3 48. Rxg6 c2 {Black mates.} 49. Kg2 Rb1 50. Rxc2 Rxc2+ 51. Kg3 Rb3+ 52. Kh4 Rcc3 {[%csl Gb3][%cal Rc3h3]} 53. Rh6+ Kg7 {[%csl Gb3][%cal Rc3h3] Weighted Error Value: White=0.41/Black=0.15} 0-1

[Event "African Online-ch Open 2021"]
[Site "Online"]
[Date "2021.02.01"]
[Round "9.6"]
[White "Ortega Amarelle, Mariano"]
[Black "Amdouni, Zoubaier"]
[Result "0-1"]
[WhiteElo "2463"]
[BlackElo "2229"]
[Annotator "TA"]
[PlyCount "60"]
[EventDate "2021.02.01"]
[EventType "swiss"]
[EventCountry "NET"]
[SourceTitle "playchess.com"]
[Source "ChessBase"]
[SourceQuality "1"]

{[%evp 13,60,0,3,-13,15,4,87,63,85,78,81,77,87,62,116,72,149,154,335,331,287,309,235,54,44,0,0,-116,-114,-196,-22,-17,76,-33,-28,-39,-46,-131,-123,-181,-175,-158,-152,-189,97,90,78,-1519,-1468]} 1. d4 d5 2. c4 e6 3. Nc3 Nf6 4. Nf3 c6 5. g3 dxc4 6. Bg2 b5 7. Ne5 Nd5 {7...a6 is more fashionable.} 8. e4 {E04: Open Catalan: 5 Nf3.} Nb6 {[#]} (8... Nb4 {feels hotter.} 9. O-O Nd7 10. Nxd7 Qxd7 11. Be3 h5) 9. O-O $146 ({Predecessor:} 9. Qh5 g6 10. Qf3 f6 11. Ng4 N8d7 12. e5 f5 13. Qxc6 fxg4 14. Qxe6+ Qe7 15. Qxe7+ Bxe7 16. Bxa8 Nxa8 17. Nxb5 {0-1 (41) Thybo,J (2577)-Grigorian,S (2405) Innsbruck 2020}) 9... Bd6 (9... Be7 $11 {keeps the balance.}) 10. Qg4 $16 {White is better.} Bxe5 11. dxe5 Kf8 12. Bg5 {[%mdl 1024] White has strong compensation.} Qc7 13. Rad1 N8d7 (13... Bd7 $14) 14. f4 Bb7 (14... h6 $142 15. Qh4 Kg8) 15. Qh4 {And now f5 would win.} Re8 $2 (15... Kg8 $16 {might work better.}) 16. f5 $18 Qxe5 17. fxe6 Rxe6 18. Bf4 $2 (18. Qh5 Qc5+ 19. Rf2 (19. Kh1 f6 $14) 19... Rf6 $11) ({White should play} 18. Bh3 $18 {Hoping for Bf4.} f6 19. Kg2) 18... Qc5+ $14 19. Kh1 Qe7 20. Bg5 (20. Bh3 $1 $11 Qxh4 21. gxh4) 20... f6 $17 21. Bh3 {[#]} (21. Be3 $17) 21... Re5 $2 (21... b4 $1 $19 {[%cal Rb4c3]} 22. Bxe6 Qxe6) 22. Bf4 $11 {aiming for Bxd7.} Bc8 {[#]} (22... Ke8 $1 $11) 23. Bxe5 (23. a4 $1 $16 {[%cal Ra4a5] Black must now prevent a5.} bxa4 24. Bxe5 Nxe5 25. Bxc8 Nxc8 26. Ra1 (26. Nxa4 Nd6 $11)) 23... Nxe5 $15 24. Bxc8 Nxc8 25. Qh5 (25. Ne2 $15) 25... Nd6 $17 26. Rf4 (26. b3 $17) 26... Ndf7 27. Qf5 Nd3 28. Qc8+ Qd8 $2 (28... Qe8 $19 29. Qb7 h5) 29. Qxc6 $16 Qe8 30. Qc5+ {[%mdl 8192]} Nxc5 {Weighted Error Value: White=0.67/Black=0.56} 0-1

[Event "African Online-ch Open 2021"]
[Site "Online"]
[Date "2021.02.01"]
[Round "9.7"]
[White "Kayonde, Andrew"]
[Black "Hamzaoui, Khalil"]
[Result "1-0"]
[WhiteElo "2393"]
[BlackElo "1883"]
[Annotator "TA"]
[PlyCount "65"]
[EventDate "2021.02.01"]
[EventType "swiss"]
[EventCountry "NET"]
[SourceTitle "playchess.com"]
[Source "ChessBase"]
[SourceQuality "1"]

{[%evp 21,65,16,26,0,22,22,22,13,79,81,95,88,84,62,140,127,128,146,150,155,184,195,194,169,158,108,116,80,118,98,223,225,227,225,233,233,241,217,262,259,556,587,589,561,2057,1919]} 1. d4 Nf6 2. Nf3 g6 3. c4 Bg7 4. g3 O-O 5. Bg2 d6 6. Nc3 Bf5 7. Nh4 Bc8 8. O-O e5 9. Nf3 exd4 10. Nxd4 Re8 11. h3 Nbd7 12. Qc2 {E67: King's Indian: Fianchetto: 6...Nbd7.} c6 13. Rd1 a5 {[#]} 14. Bf4 $146 {The position is equal.} ({Predecessor:} 14. b3 Nc5 15. e4 Qe7 16. Bg5 h6 17. Bxf6 Bxf6 18. Rd2 Bd7 19. Rad1 Rad8 20. f4 Bc8 21. a3 Qc7 22. Ndb5 {0-1 (60) Maasarani,M (2103)-El Jawich,A (2171) Beirut 2014}) 14... Ne5 (14... Qe7 $11 {keeps the balance.}) 15. c5 $16 d5 16. e4 Qe7 17. exd5 Qxc5 ({Black should play} 17... Nxd5 $14 18. Bxd5 (18. Nxd5 cxd5 19. Re1 Bd7 $14) 18... cxd5) 18. Bxe5 Rxe5 19. dxc6 bxc6 20. Nxc6 Bf5 21. Qa4 Ree8 22. Qb5 Qf8 23. Rd2 ({And not} 23. Nxa5 Rab8 $11) 23... a4 24. a3 h5 25. Rad1 Rac8 {This move loses the game for Black.} (25... Ne4 $16 26. Nxe4 Bxe4) 26. Qxa4 $18 Qc5 27. Qb5 Qxb5 28. Nxb5 {aiming for Nd6.} Ne4 29. Bxe4 Bxe4 {[#]} 30. Nd6 $1 Bf3 $2 (30... Bxc6 31. Nxc8 Rxc8) 31. Nxc8 {White is clearly winning.} Bxd1 32. Rxd1 Rxc8 33. Ne7+ {[%mdl 64] Double Attack.  Weighted Error Value: White=0.08/Black=0.46} 1-0